| 000 | 00653nam a2200265Ia 4500 | ||
|---|---|---|---|
| 003 | EC-GqESP | ||
| 005 | 20260130125915.0 | ||
| 008 | 250425s9999 xx 000 0 und d | ||
| 010 | _a58883 | ||
| 020 | _a9978433503 | ||
| 041 | _aspa | ||
| 082 | _a354.39 | ||
| 100 | _aMARTINS, LUIS | ||
| 245 | 0 | _aINTEGRACION DE LA MINERIA EN LA ORDENACION DEL TERRITORIO | |
| 250 | _a1A ED. | ||
| 260 |
_aEcuador _bESPOL. CICYT _c2003 |
||
| 260 | _aGUAYAQUIL | ||
| 300 | _a246 | ||
| 650 | _aESTUDIOS DE CASOS | ||
| 650 | _aMINERIA | ||
| 650 | _aMINERIA SOCIO-ECONOMICA | ||
| 650 | _aVISION INSTITUCIONAL | ||
| 700 | _aCARRION, PAUL | ||
| 942 | _c01 | ||
| 999 |
_c225490 _d225490 |
||